Quantum Leap Quiz - Statistics

General Stats
  • This quiz has been taken 90 times
  • The average score is 10 of 15
Answer Stats
Hint Answer % Correct
Actor who played Sam Scott Bakula
88%
Does Sam ever return home? No
87%
The war did Sam's brother died in Vietnam
87%
Sam's trusty hologram Al Calavicci
85%
What Sam said after pretty much every leap Oh boy
84%
Trusty hologram's (not very) trusty computer Ziggy
83%
The famous musician Sam leapt into Elvis
73%
What Gooshie notoriously had Bad breath
71%
And he had to put right what ____ ____ _____ once went wrong
69%
Sam could only travel within his ___ ________ (with the exception of "The Leap Between the States") own lifetime
65%
What they called Sam's memory loss Swiss-cheese memory
64%
The theory that allowed for time travel String theory
56%
The First Lady Sam saves Jackie Kennedy
45%
What Sam went into too early Quantum Leap Accelerator
44%
Who was the main Evil Leaper? Alia
23%
No matching quizzes found
Score Distribution
Percent of People with Each Score
Percentile by Number Answered
Your Score History
You have not taken this quiz